Nástroje trvalo udržateľného rozvoja

Guardado en:
Detalles Bibliográficos
Autor principal: Tkáč, Michal, 1958-
Otros Autores: Lyócsa, Štefan, 1982-
Formato: Capítulo de libro
Lenguaje:eslovaco
Etiquetas: Agregar Etiqueta
Sin Etiquetas, Sea el primero en etiquetar este registro!

MARC

LEADER 00000naa$a2200000$$$4500
001 0118082
005 20240502072324.4
041 0 |a slo 
044 |a SK 
245 1 0 |a Nástroje trvalo udržateľného rozvoja  |c Michal Tkáč, Štefan Lyócsa 
100 1 |a Tkáč, Michal, 1958- 
700 1 |a Lyócsa, Štefan, 1982-